书目信息 |
| 题名: |
马克思与黑格尔
|
|
| 作者: | 姜丕之 著 | |
| 分册: | ||
| 出版信息: | 北京 中国青年出版社 1983.07 |
|
| 页数: | 193 | |
| 开本: | 21cm | |
| 丛书名: | ||
| 单 册: | ||
| 中图分类: | A715 | |
| 科图分类: | ||
| 主题词: | 马克思--评价 , 马克思--研究 | |
| 电子资源: | ||
| ISBN: | ||
| 000 | 00533nam0 2200205 45 | |
| 001 | 0181023709 | |
| 005 | 20051228095210.60 | |
| 010 | @dCNY0.65 | |
| 091 | @a2009.53 | |
| 100 | @a20810111d km y0chiy0120 ea | |
| 101 | 0 | @achi |
| 200 | 1 | @a马克思与黑格尔@AMA KE SI YU HEI GE ER@f姜丕之著@FJIANG PI ZHI ZHU |
| 210 | @a北京@c中国青年出版社@d1983.07 | |
| 215 | @a193@d21cm | |
| 606 | 0 | @a马克思@x评价 |
| 606 | 0 | @a马克思@x研究 |
| 690 | @aA715@v3 | |
| 701 | 0 | @a姜丕之@4著 |
| 801 | @aCN@bTSTC@c20051228 | |
| 905 | @dA715@e32@f1@b97045 | |
| 马克思与黑格尔/姜丕之著.-北京:中国青年出版社,1983.07 |
| 193;21cm |
| ISBN :CNY0.65 |
| ● |
| 相关链接 |
|
|
|
|
正题名:马克思与黑格尔
索取号:A715/32
 
预约/预借
| 序号 | 登录号 | 条形码 | 馆藏地/架位号 | 状态 | 备注 |
| 1 | 0097041 | 001865315 | 密集书库/ [索取号:A715/32] | 在馆 | |
| 2 | 0097042 | 000955700 | 第一借阅区/ [索取号:A715/32] | 在馆 | |
| 3 | 0097043 | 001865271 | 密集书库/ [索取号:A715/32] | 在馆 | |
| 4 | 0097044 | 202182789 | 密集书库/ [索取号:A715/32] | 在馆 | |
| 5 | 0097045 | 000955746 | 第一样本阅览室/ [索取号:A715/32] | 在馆 |